000 00345nam a2200133 i 4500
001 bg
100 1 _aPOLESKA, Halina
245 0 _aEfektywność skoncentrowanej gospodarki maszynami budowlanymi /
_cHalina Poleska.
260 _aWarszawa,
_c1975.
040 _cBPK
041 _apol
942 _cKS
008 s pl f |000 0 pol
999 _c17309
_d17309
856 _uhttp://koha.tu.koszalin.pl/cgi-bin/koha/opac-detail.pl?biblionumber=17309
_yKatalog online BPK